Φράουλες και αίμα

Αποθηκεύτηκε σε:
Λεπτομέρειες βιβλιογραφικής εγγραφής
Κύριος συγγραφέας: Kunen, James S., 1948-
Μορφή: Βιβλίο
Γλώσσα:Greek
English
Δημοσίευση: Αθήνα: Μανιατέας, [19--].
Σειρά:Σύγχρονη λογοτεχνία. Best sellers (Μανιατέας)
Θέματα:
Ετικέτες: Προσθήκη ετικέτας
Δεν υπάρχουν, Καταχωρήστε ετικέτα πρώτοι!

MARC

LEADER 00000cam a2200000 a 4500
001 1/109096
008 151007qyyyy####gr | ||| |||| ||gre||
040 |a GR-MyUa  |b gre  |c GR-MyUa  |e AACR2 
041 1 |a gre  |h eng 
082 7 |a 813   |2 (23)  
100 1 |a Kunen, James S.,   |d 1948- 
245 1 0 |a Φράουλες και αίμα /   |c Τζέιμς Σάιμον Κούνεν.  
260 |a Αθήνα:   |b Μανιατέας,   |c [19--].  
300 |a 180 σ.;   |c 21 εκ.  
490 1 |a (Σύγχρονη λογοτεχνία. Best sellers / Μανιατέας)  
650 0 |a American fiction  |y 20th century. 
830 0 |a Σύγχρονη λογοτεχνία.   |p Best sellers (Μανιατέας) 
852 |a INST  |b LEMNOS  |e 20151007  |h 813 KUN  |p 005600001354  |q 005600001354  |t BK  |y 0 
970 |a Μοσχόβη  |b Ευαγγελία  |z 07-10-2015